| 000 | 00637nam a2200169Ia 4500 | ||
|---|---|---|---|
| 003 | Sisc | ||
| 005 | 20180130165347.0 | ||
| 008 | 140724s9999 xx 000 0 und d | ||
| 050 |
_aHF 5415.13 _b.P365 2017 |
||
| 100 | _aPechera, Karl Nikko A. | ||
| 245 |
_aEvaluation of the quality of service of iship logipack incorporated by its selected customers : _bbasis for the development of a marketing plan / _cKarl Nikko A. Pechera. |
||
| 260 |
_aLas PiƱas, Philippines : _bSouthville International School and Colleges, _c2017. |
||
| 300 |
_a41 pages : _billustrations ; _c28 cm. |
||
| 521 | _aNursing | ||
| 942 |
_cTH _2lcc |
||
| 999 |
_c354630 _d354630 |
||